[Event "Uralsk-ch Women 2019"]
[Site "Khanty-Mansiysk"]
[Date "2019.03.13"]
[Round "1.1"]
[White "Anastasia, Semenova"]
[Black "Semenova, Elena"]
[Result "0-1"]
[WhiteElo "1747"]
[BlackElo "2238"]
[Annotator "TA"]
[PlyCount "34"]
[EventDate "2019.03.12"]
[EventType "swiss"]
[EventCountry "RUS"]
[SourceTitle "playchess.com"]
[Source "ChessBase"]
[SourceQuality "1"]

{[%evp 17,34,61,45,31,46,18,19,21,15,0,10,0,0,0,11,-318,-310,-317,-328]} 1. e4 e5 2. Nf3 Nc6 3. Bb5 Nge7 4. Nc3 g6 5. d4 exd4 6. Nxd4 Bg7 7. Be3 O-O 8. O-O d6 9. Qd2 {C60: Ruy Lopez: Unusual Black 3rd moves and 3...g6} a6 {LiveBook: 4 Games} (9... Ne5 10. Be2 f5 11. f4 Ng4 12. Bxg4 fxg4 13. f5 c5 14. Ne6 Bxe6 15. fxe6 Qb6 16. Rxf8+ Rxf8 17. Nd5 Nxd5 18. Qxd5 Qb5 19. e7+ Rf7 20. Qxd6 Qe8 21. Bxc5 Bf6 22. Qd5 Bxe7 23. Bxe7 {1-0 (23) Balashov,Y (2408)-Beliavsky,A (2589) Minsk 2017}) 10. Bxc6 bxc6 11. a3 $146 {White is slightly better.} ({Predecessor:} 11. Bh6 c5 12. Nde2 Bb7 13. Rad1 Qe8 14. Rfe1 Rd8 15. Ng3 Qd7 16. Qg5 f6 {0-1 (32) Kovalev,V (2184)-Volkov,S (2284) Orsha 2008}) 11... c5 12. Nde2 $1 Rb8 13. Rab1 Nc6 14. Rfd1 Be6 15. Bg5 f6 16. Nf4 $2 {[%mdl 8192] [#]} (16. Bh6 $11 {and White is okay.}) 16... Bf7 $19 17. Bh4 g5 0-1

[Event "Uralsk-ch Women 2019"]
[Site "Khanty-Mansiysk"]
[Date "2019.03.13"]
[Round "1.2"]
[White "Filippova, Darya"]
[Black "Ilona, Beliakova"]
[Result "1-0"]
[WhiteElo "2099"]
[BlackElo "1699"]
[Annotator "NA RC"]
[PlyCount "125"]
[EventDate "2019.03.12"]
[EventType "swiss"]
[EventCountry "RUS"]
[SourceTitle "playchess.com"]
[Source "ChessBase"]
[SourceQuality "1"]
[TimeControl "5400+30"]

1. c4 {[%emt 0:00:00]} e6 {[%emt 0:00:00]} 2. Nc3 {[%emt 0:02:32]} Nf6 {[%emt 0:00:56]} 3. Nf3 {[%emt 0:01:46]} b6 {[%emt 0:03:32]} 4. a3 {[%emt 0:03:41]} c5 {[%emt 0:10:05]} 5. e3 {[%emt 0:03:55]} Nc6 {[%emt 0:02:48]} 6. d4 {[%emt 0:00:57]} cxd4 {[%emt 0:12:55]} 7. exd4 {[%emt 0:00:58]} d5 {[%emt 0:00:40]} 8. Ne5 {[%emt 0:06:40]} Nxe5 {[%emt 0:06:53]} 9. dxe5 {[%emt 0:00:11]} Nd7 {[%emt 0:05:28]} 10. cxd5 {[%emt 0:04:35]} Nxe5 {[%emt 0:00:43]} 11. Bb5+ {[%emt 0:02:59]} Bd7 {[%emt 0:05:28]} 12. O-O {[%emt 0:01:10]} Be7 {[%emt 0:11:03]} 13. dxe6 {[%emt 0:01:40]} Bxb5 {[%emt 0:02:14]} 14. exf7+ {[%emt 0:01:03]} Nxf7 {[%emt 0:01:29]} 15. Nxb5 {[%emt 0:01:24]} O-O {[%emt 0:00:48]} 16. Bf4 {[%emt 0:09:46]} Bf6 {[%emt 0:05:28]} 17. Qb3 {[%emt 0:01:19]} Qd7 {[%emt 0:05:25]} 18. Rad1 {[%emt 0:04:56]} Qf5 {[%emt 0:00:21]} 19. Bg3 {[%emt 0:00:36]} Kh8 {[%emt 0:02:40]} 20. Rd5 {[%emt 0:04:04]} Qe4 {[%emt 0:00:49]} 21. Rd7 {[%emt 0:04:08]} Ne5 {[%emt 0:03:14]} 22. Rc7 {[%emt 0:01:41]} Nd3 {[%emt 0:02:17]} 23. Nd6 {[%emt 0:01:05]} Qe2 {[%emt 0:01:59]} 24. Rc2 {[%emt 0:06:18]} Nc5 {[%emt 0:00:32]} 25. Qd5 {[%emt 0:01:01]} Qe7 {[%emt 0:03:26]} 26. Re2 {[%emt 0:05:12]} Qd7 {[%emt 0:01:43]} 27. Rfe1 {[%emt 0:00:49]} h6 {[%emt 0:00:27]} 28. Qh5 {[%emt 0:04:46]} Nd3 {[%emt 0:01:38]} 29. Rf1 {[%emt 0:04:45]} Nxb2 {[%emt 0:01:58]} 30. Qg6 {[%emt 0:00:48]} Na4 {[%emt 0:01:39]} 31. h3 {[%emt 0:01:39]} Nc5 {[%emt 0:01:03]} 32. Rfe1 {[%emt 0:01:57]} Nb7 {[%emt 0:00:39]} 33. Re6 {[%emt 0:01:39]} Nxd6 {[%emt 0:00:21]} 34. Bxd6 {[%emt 0:00:57]} Rf7 {[%emt 0:00:18]} 35. g3 {[%emt 0:04:22]} Bd4 {[%emt 0:01:19]} 36. R1e2 {[%emt 0:00:44]} Bf6 {[%emt 0:01:55]} 37. Kh2 {[%emt 0:01:04]} b5 {[%emt 0:00:39]} 38. Bf4 {[%emt 0:00:48]} Raf8 {[%emt 0:01:29]} 39. Rd6 {[%emt 0:03:07]} Qc8 {[%emt 0:00:48]} 40. Rc2 {[%emt 0:00:50]} Qe8 {[%emt 0:00:40]} 41. Rdc6 {[%emt 0:00:39]} Re7 {[%emt 0:00:48]} 42. Qg4 {[%emt 0:00:20]} Qd7 {[%emt 0:00:18]} 43. Bd6 {[%emt 0:00:21]} Qxg4 {[%emt 0:00:07]} 44. hxg4 {[%emt 0:00:06]} Rfe8 {[%emt 0:00:18]} 45. Bxe7 {[%emt 0:00:12]} Rxe7 {[%emt 0:00:29]} 46. Rc7 {[%emt 0:00:46]} Rxc7 {[%emt 0:00:14]} 47. Rxc7 {[%emt 0:00:10]} Bd4 {[%emt 0:00:02]} 48. f4 {[%emt 0:01:11]} Kh7 {[%emt 0:00:23]} 49. f5 {[%emt 0:00:41]} a5 {[%emt 0:01:33]} 50. Rb7 {[%emt 0:00:20]} b4 {[%emt 0:00:31]} 51. a4 {[%emt 0:00:46]} Bc3 {[%emt 0:00:56]} 52. Rb5 {[%emt 0:01:07]} h5 {[%emt 0:01:17]} 53. gxh5 {[%emt 0:01:04]} Kh6 {[%emt 0:00:04]} 54. g4 {[%emt 0:00:11]} Kg5 {[%emt 0:00:12]} 55. Kg3 {[%emt 0:00:11]} Be1+ {[%emt 0:00:19]} 56. Kf3 {[%emt 0:00:07]} Bc3 {[%emt 0:00:17]} 57. Rxa5 {[%emt 0:00:40]} b3 {[%emt 0:00:09]} 58. Rb5 {[%emt 0:00:07]} b2 {[%emt 0:00:15]} 59. a5 {[%emt 0:00:08]} b1=Q {[%emt 0:00:21]} 60. Rxb1 {[%emt 0:00:08]} Bxa5 {[%emt 0:00:03]} 61. Ra1 {[%emt 0:00:19]} Bc3 {[%emt 0:00:06]} 62. Ra6 {[%emt 0:00:09]} Be5 {[%emt 0:00:49]} 63. Rg6+ {[%emt 0:00:15]} 1-0

[Event "Uralsk-ch Women 2019"]
[Site "Khanty-Mansiysk"]
[Date "2019.03.13"]
[Round "1.3"]
[White "Anastasiya, Makarova"]
[Black "Garifullina, Leya"]
[Result "0-1"]
[WhiteElo "1593"]
[BlackElo "2095"]
[Annotator "NA RC"]
[PlyCount "54"]
[EventDate "2019.03.12"]
[EventType "swiss"]
[EventCountry "RUS"]
[SourceTitle "playchess.com"]
[Source "ChessBase"]
[SourceQuality "1"]
[TimeControl "5400+30"]

1. d4 {[%emt 0:00:00]} Nf6 {[%emt 0:00:12]} 2. e3 {[%emt 0:00:00]} g6 {[%emt 0:00:09]} 3. Bd3 {[%emt 0:00:07]} Bg7 {[%emt 0:00:09]} 4. f4 {[%emt 0:00:11]} O-O {[%emt 0:00:28]} 5. Nf3 {[%emt 0:00:13]} d6 {[%emt 0:00:08]} 6. e4 {[%emt 0:02:35]} Bg4 {[%emt 0:03:20]} 7. Nbd2 {[%emt 0:01:04]} e5 {[%emt 0:01:48]} 8. fxe5 {[%emt 0:02:04]} dxe5 {[%emt 0:00:12]} 9. dxe5 {[%emt 0:02:38]} Nfd7 {[%emt 0:01:08]} 10. h3 {[%emt 0:00:36]} Bxf3 {[%emt 0:00:24]} 11. Nxf3 {[%emt 0:00:10]} Nxe5 {[%emt 0:00:16]} 12. O-O {[%emt 0:02:54]} Nbc6 {[%emt 0:03:34]} 13. a3 {[%emt 0:02:32]} b6 {[%emt 0:03:44]} 14. Rb1 {[%emt 0:01:27]} Nxf3+ {[%emt 0:05:34]} 15. Qxf3 {[%emt 0:01:01]} Ne5 {[%emt 0:00:11]} 16. Qe2 {[%emt 0:00:24]} c5 {[%emt 0:00:14]} 17. Rd1 {[%emt 0:06:56]} Qe7 {[%emt 0:01:22]} 18. Bb5 {[%emt 0:01:21]} a6 {[%emt 0:04:52]} 19. Bxa6 {[%emt 0:01:46]} c4 {[%emt 0:00:47]} 20. Bxc4 {[%emt 0:00:56]} Qc5+ {[%emt 0:00:43]} 21. Kh1 {[%emt 0:01:49]} Qxc4 {[%emt 0:00:39]} 22. Qxc4 {[%emt 0:00:59]} Nxc4 {[%emt 0:00:03]} 23. c3 {[%emt 0:00:48]} Rfe8 {[%emt 0:02:41]} 24. Re1 {[%emt 0:00:52]} f5 {[%emt 0:01:02]} 25. Bf4 {[%emt 0:00:32]} Rxe4 {[%emt 0:01:40]} 26. Rxe4 {[%emt 0:00:57]} fxe4 {[%emt 0:00:04]} 27. Kg1 {[%emt 0:00:05]} e3 {[%emt 0:00:14]} 0-1

[Event "Uralsk-ch Women 2019"]
[Site "Khanty-Mansiysk"]
[Date "2019.03.13"]
[Round "2.1"]
[White "Semenova, Elena"]
[Black "Galina, Mironenko"]
[Result "1-0"]
[WhiteElo "2238"]
[BlackElo "1911"]
[Annotator "TA"]
[PlyCount "69"]
[EventDate "2019.03.12"]
[EventType "swiss"]
[EventCountry "RUS"]
[SourceTitle "playchess.com"]
[Source "ChessBase"]
[SourceQuality "1"]

{[%evp 9,69,25,48,-12,-10,-46,-38,-37,0,4,31,30,42,28,26,40,59,68,64,71,76,76,100,105,196,116,200,204,197,191,289,237,226,215,285,265,267,272,346,335,482,479,495,480,732,731,706,701,669,678,664,662,779,775,1026,989,1289,1265,1231,1173,1728,1674]} 1. e4 c5 2. Nf3 Nc6 3. c3 d5 4. exd5 Qxd5 5. d4 Bf5 (5... Nf6 6. Be2 cxd4 7. cxd4 e6 8. O-O Be7 9. Nc3 Qd6 10. Nb5 Qd8 11. Bf4 Nd5 12. Bg3 O-O 13. Bc4 a6 14. Nc3 Nxc3 15. bxc3 b5 16. Bd3 Bb7 17. a4 b4 18. Rb1 Bf6 19. Be4 a5 20. cxb4 axb4 21. Bxc6 {½-½ (21) Zvjaginsev,V (2660)-Moiseenko,A (2692) Berlin 2015}) 6. Na3 {B22: Sicilian: 2 c3} (6. Be3 $14) 6... cxd4 $11 7. cxd4 e6 8. Nb5 {[#] Black must now prevent Nc7+.Black is slightly better.} O-O-O 9. Be2 e5 $146 ({Predecessor:} 9... Bb4+ 10. Bd2 Bxd2+ 11. Qxd2 a6 12. Nc3 Qa5 13. O-O {1-0 (24) Budnikova,V (1906)-Ageeva,V (1556) St Petersburg 2016}) 10. dxe5 Qxd1+ 11. Bxd1 Bb4+ 12. Nc3 $1 f6 13. O-O fxe5 14. Ba4 Bxc3 15. bxc3 {aiming for Bxc6.} Re8 16. Re1 e4 (16... Nf6 $16) 17. Ng5 ({White should try} 17. Bf4 $18) 17... Nh6 (17... Bg6 $16 {keeps fighting.}) 18. Bf4 $18 {Threatens to win with Bxc6.} e3 19. Bxe3 Kb8 (19... Re7 {was worth a try.} 20. Bc5 Rxe1+ 21. Rxe1 Rd8 22. Bxc6 bxc6 23. Bxa7 Rd5) 20. Bxc6 bxc6 21. Bd4 Rxe1+ 22. Rxe1 Rg8 23. Re7 Rd8 24. h3 ({Don't do} 24. Bxa7+ Kc8 $18) (24. Rxg7 Rg8) 24... Bb1 (24... Rd7 {was necessary.}) 25. Ne6 {White is clearly winning.} Nf5 26. Rf7 ({Not} 26. Nxd8 Nxe7 27. a3 (27. Bxg7 Kc8 $14) 27... Kc7 $16) 26... Rd5 (26... Nh6 $142 27. Nxd8 Nxf7) 27. Bxa7+ Ka8 28. Nc7+ {[%mdl 64] [#] Double Attack} Kxa7 29. Nxd5+ {[%mdl 4096] Endgame KRN-KBN} Ka6 30. Ne3 Nd6 31. Rxg7 Bg6 32. f4 Kb5 33. g4 Bb1 34. Rd7 Ne4 35. Rb7+ {Accuracy: White = 59%, Black = 43%.} 1-0

[Event "Uralsk-ch Women 2019"]
[Site "Khanty-Mansiysk"]
[Date "2019.03.13"]
[Round "2.2"]
[White "Ekaterina, Kovaleva"]
[Black "Filippova, Darya"]
[Result "0-1"]
[WhiteElo "1953"]
[BlackElo "2099"]
[Annotator "NA RC"]
[PlyCount "98"]
[EventDate "2019.03.12"]
[EventType "swiss"]
[EventCountry "RUS"]
[SourceTitle "playchess.com"]
[Source "ChessBase"]
[SourceQuality "1"]
[TimeControl "5400+30"]

1. e4 {[%emt 0:00:00]} c6 {[%emt 0:00:00]} 2. d4 {[%emt 0:00:00]} d5 {[%emt 0:00:00]} 3. exd5 {[%emt 0:00:00]} cxd5 {[%emt 0:00:00]} 4. c4 {[%emt 0:00:00]} Nf6 {[%emt 0:00:10]} 5. Nc3 {[%emt 0:00:00]} g6 {[%emt 0:03:40]} 6. Nf3 {[%emt 0:04:07]} Bg7 {[%emt 0:00:38]} 7. cxd5 {[%emt 0:03:07]} O-O {[%emt 0:01:30]} 8. Bc4 {[%emt 0:01:37]} Nbd7 {[%emt 0:00:30]} 9. d6 {[%emt 0:03:08]} exd6 {[%emt 0:00:50]} 10. O-O {[%emt 0:00:21]} Nb6 {[%emt 0:09:14]} 11. Bb3 {[%emt 0:00:11]} d5 {[%emt 0:03:11]} 12. Bf4 {[%emt 0:02:05]} Ne4 {[%emt 0:09:00]} 13. Re1 {[%emt 0:10:23]} Nxc3 {[%emt 0:03:09]} 14. bxc3 {[%emt 0:00:04]} Be6 {[%emt 0:02:58]} 15. Ne5 {[%emt 0:02:15]} Rc8 {[%emt 0:01:57]} 16. Rc1 {[%emt 0:00:17]} Nc4 {[%emt 0:06:14]} 17. Nxc4 {[%emt 0:07:43]} dxc4 {[%emt 0:00:10]} 18. Bc2 {[%emt 0:00:25]} Bd5 {[%emt 0:07:03]} 19. Be4 {[%emt 0:04:04]} Re8 {[%emt 0:01:38]} 20. Qf3 {[%emt 0:10:37]} Rxe4 {[%emt 0:02:46]} 21. Rxe4 {[%emt 0:00:13]} Qa5 {[%emt 0:08:37]} 22. Qh3 {[%emt 0:04:32]} Rf8 {[%emt 0:07:24]} 23. Re2 {[%emt 0:01:35]} h5 {[%emt 0:01:44]} 24. Qe3 {[%emt 0:09:52]} b5 {[%emt 0:01:29]} 25. Qd2 {[%emt 0:03:25]} Kh7 {[%emt 0:01:07]} 26. Rce1 {[%emt 0:13:10]} Qb6 {[%emt 0:00:43]} 27. Be5 {[%emt 0:04:24]} Bh6 {[%emt 0:01:39]} 28. Qb2 {[%emt 0:00:18]} Qc6 {[%emt 0:06:21]} 29. f3 {[%emt 0:00:23]} a5 {[%emt 0:01:08]} 30. Rb1 {[%emt 0:03:52]} b4 {[%emt 0:00:19]} 31. cxb4 {[%emt 0:00:59]} c3 {[%emt 0:00:07]} 32. Qc2 {[%emt 0:00:21]} axb4 {[%emt 0:00:13]} 33. Rxb4 {[%emt 0:00:32]} Ra8 {[%emt 0:01:36]} 34. Rb8 {[%emt 0:01:47]} Rxb8 {[%emt 0:00:39]} 35. Bxb8 {[%emt 0:00:02]} Qb6 {[%emt 0:03:28]} 36. Be5 {[%emt 0:02:05]} f6 {[%emt 0:00:50]} 37. Bg3 {[%emt 0:00:25]} Bd2 {[%emt 0:02:24]} 38. Be1 {[%emt 0:09:49]} Qxd4+ {[%emt 0:00:21]} 39. Kh1 {[%emt 0:00:24]} Qc4 {[%emt 0:03:57]} 40. Re7+ {[%emt 0:00:16]} Kh8 {[%emt 0:00:16]} 41. Re8+ {[%emt 0:00:39]} Kg7 {[%emt 0:00:18]} 42. Kg1 {[%emt 0:00:32]} Bf7 {[%emt 0:04:37]} 43. Re4 {[%emt 0:00:56]} Qc5+ {[%emt 0:00:36]} 44. Kh1 {[%emt 0:00:25]} Qb5 {[%emt 0:00:16]} 45. Kg1 {[%emt 0:00:28]} Qb2 {[%emt 0:00:15]} 46. Qd3 {[%emt 0:00:36]} Qxa2 {[%emt 0:03:59]} 47. Bxd2 {[%emt 0:00:13]} cxd2 {[%emt 0:00:11]} 48. Rd4 {[%emt 0:00:15]} Qa1+ {[%emt 0:00:07]} 49. Kf2 {[%emt 0:00:41]} Qe1# {[%emt 0:00:08] Kxe1} 0-1

[Event "Uralsk-ch Women 2019"]
[Site "Khanty-Mansiysk"]
[Date "2019.03.13"]
[Round "2.3"]
[White "Garifullina, Leya"]
[Black "Galina, Mikheeva"]
[Result "1-0"]
[WhiteElo "2095"]
[BlackElo "1736"]
[Annotator "NA RC"]
[PlyCount "119"]
[EventDate "2019.03.12"]
[EventType "swiss"]
[EventCountry "RUS"]
[SourceTitle "playchess.com"]
[Source "ChessBase"]
[SourceQuality "1"]
[TimeControl "5400+30"]

1. e4 {[%emt 0:00:00]} e5 {[%emt 0:00:00]} 2. Nf3 {[%emt 0:00:00]} Nc6 {[%emt 0:00:00]} 3. Bb5 {[%emt 0:00:12]} Nf6 {[%emt 0:00:38]} 4. d3 {[%emt 0:00:18]} Bc5 {[%emt 0:01:11]} 5. Bxc6 {[%emt 0:00:40]} dxc6 {[%emt 0:02:21]} 6. Nbd2 {[%emt 0:01:36]} Bd6 {[%emt 0:05:49]} 7. b3 {[%emt 0:01:31]} Qe7 {[%emt 0:04:25]} 8. Bb2 {[%emt 0:00:58]} Nd7 {[%emt 0:01:46]} 9. O-O {[%emt 0:02:30]} f6 {[%emt 0:05:07]} 10. Nh4 {[%emt 0:03:51]} Nc5 {[%emt 0:04:24]} 11. Nc4 {[%emt 0:04:07]} O-O {[%emt 0:05:59]} 12. f4 {[%emt 0:09:17]} exf4 {[%emt 0:05:11]} 13. Nxd6 {[%emt 0:00:34]} cxd6 {[%emt 0:03:33]} 14. Rxf4 {[%emt 0:00:16]} Qc7 {[%emt 0:28:40]} 15. Rf2 {[%emt 0:05:34]} Be6 {[%emt 0:05:16]} 16. Nf5 {[%emt 0:09:32]} d5 {[%emt 0:06:25]} 17. exd5 {[%emt 0:02:04]} cxd5 {[%emt 0:06:07]} 18. Nd4 {[%emt 0:05:14]} Bf7 {[%emt 0:02:04]} 19. Qg4 {[%emt 0:02:02]} Bg6 {[%emt 0:03:51]} 20. Raf1 {[%emt 0:04:02]} Qd7 {[%emt 0:03:20]} 21. Qg3 {[%emt 0:01:51]} Ne6 {[%emt 0:02:02]} 22. Nf3 {[%emt 0:02:31]} d4 {[%emt 0:01:12]} 23. Nh4 {[%emt 0:01:25]} Qf7 {[%emt 0:00:59]} 24. Re1 {[%emt 0:04:13]} Rfe8 {[%emt 0:00:55]} 25. Rfe2 {[%emt 0:01:25]} Bh5 {[%emt 0:00:25]} 26. Re4 {[%emt 0:01:27]} Qd7 {[%emt 0:00:30]} 27. Qf2 {[%emt 0:08:21]} Rad8 {[%emt 0:00:42]} 28. h3 {[%emt 0:01:25]} Bf7 {[%emt 0:00:25]} 29. Nf5 {[%emt 0:01:31]} Bg6 {[%emt 0:00:28]} 30. Bxd4 {[%emt 0:04:22]} Nxd4 {[%emt 0:00:36]} 31. Rxe8+ {[%emt 0:00:04]} Rxe8 {[%emt 0:00:28]} 32. Rxe8+ {[%emt 0:00:07]} Qxe8 {[%emt 0:00:21]} 33. Nxd4 {[%emt 0:00:07]} a6 {[%emt 0:00:46]} 34. Ne2 {[%emt 0:02:01]} Qe5 {[%emt 0:00:26]} 35. Nf4 {[%emt 0:03:37]} Qa1+ {[%emt 0:00:29]} 36. Kh2 {[%emt 0:00:12]} Qe5 {[%emt 0:00:05]} 37. g3 {[%emt 0:01:30]} Be8 {[%emt 0:00:58]} 38. Qe2 {[%emt 0:00:21]} Qxe2+ {[%emt 0:00:15]} 39. Nxe2 {[%emt 0:00:03]} Kf7 {[%emt 0:00:10]} 40. Kg2 {[%emt 0:00:27]} Ke6 {[%emt 0:00:20]} 41. Kf2 {[%emt 0:00:25]} f5 {[%emt 0:00:30]} 42. h4 {[%emt 0:01:00]} h6 {[%emt 0:00:26]} 43. Ke3 {[%emt 0:00:19]} g5 {[%emt 0:00:05]} 44. hxg5 {[%emt 0:00:45]} hxg5 {[%emt 0:00:07]} 45. c4 {[%emt 0:00:30]} Bh5 {[%emt 0:01:47]} 46. Nc3 {[%emt 0:01:10]} Be8 {[%emt 0:00:41]} 47. d4 {[%emt 0:00:16]} Bd7 {[%emt 0:00:43]} 48. Nd5 {[%emt 0:01:05]} Kd6 {[%emt 0:00:28]} 49. Nf6 {[%emt 0:00:53]} Bc8 {[%emt 0:00:30]} 50. Nh7 {[%emt 0:00:12]} g4 {[%emt 0:00:16]} 51. Nf6 {[%emt 0:00:41]} Be6 {[%emt 0:00:45]} 52. Ne8+ {[%emt 0:01:50]} Ke7 {[%emt 0:00:20]} 53. Nc7 {[%emt 0:00:19]} Bc8 {[%emt 0:00:41]} 54. Kf4 {[%emt 0:00:23]} Kd6 {[%emt 0:00:31]} 55. Nd5 {[%emt 0:00:09]} Bd7 {[%emt 0:00:29]} 56. Ne3 {[%emt 0:00:08]} b5 {[%emt 0:00:28]} 57. c5+ {[%emt 0:00:13]} Ke6 {[%emt 0:00:30]} 58. d5+ {[%emt 0:00:10]} Kf6 {[%emt 0:00:22]} 59. c6 {[%emt 0:00:16]} Be8 {[%emt 0:00:16]} 60. Nxf5 {[%emt 0:00:08]} 1-0

[Event "Uralsk-ch Women 2019"]
[Site "Khanty-Mansiysk"]
[Date "2019.03.14"]
[Round "3.1"]
[White "Kabanova, Ekaterina"]
[Black "Semenova, Elena"]
[Result "1-0"]
[WhiteElo "2086"]
[BlackElo "2238"]
[Annotator "TA"]
[PlyCount "111"]
[EventDate "2019.03.12"]
[EventType "swiss"]
[EventCountry "RUS"]
[SourceTitle "playchess.com"]
[Source "ChessBase"]
[SourceQuality "1"]

{[%evp 15,111,6,27,-30,0,-27,-4,-17,-21,-30,0,0,0,0,18,6,0,0,0,0,27,26,15,14,48,51,57,29,58,30,172,85,100,14,22,6,9,12,12,22,0,0,46,63,35,-14,-6,-15,-5,-59,-29,-35,-26,-52,-23,-76,-66,-95,-72,-109,-40,-52,-19,-198,-195,-189,-179,-172,-185,-229,-183,-185,-185,-183,-159,-291,-316,-306,-295,-412,-410,-387,-374,-420,-420,-349,-35,-31,-24,-25,-36,-28,-14,-29952,817,810,29965,29964]} 1. c4 e5 2. e3 d6 3. d4 Nc6 4. Nc3 g6 5. dxe5 Nxe5 6. Be2 Bg7 7. Nf3 Ne7 8. O-O O-O 9. Ng5 $146 {A25: English Opening vs King's Indian with ...Nc6 but without early d3} (9. Nxe5 $142 Bxe5 10. Bd2) ({Predecessor:} 9. Qc2 Bf5 10. e4 Nxf3+ 11. Bxf3 Be6 12. Be2 Nc6 13. Be3 Nd4 14. Bxd4 Bxd4 15. Rad1 Qf6 16. Nd5 Bxd5 17. cxd5 Bxb2 18. Qxc7 {½-½ (48) Lehtivaara,P (2379)-Cicak,S (2552) Neuchatel 2005}) 9... h6 10. Nge4 f5 11. Ng3 {The position is equal.} Be6 12. Nd5 c6 13. Nf4 Bf7 14. Qc2 h5 15. Rd1 Qc7 16. Rb1 Rad8 17. b3 d5 18. Bb2 dxc4 19. bxc4 h4 20. Nf1 Nc8 21. Nh3 Nb6 {[%cal Rb6c4]} 22. Ng5 (22. c5 {seems wilder.} Nd5 23. Ng5 Bf6 24. f4 Nd7 25. Bf3) 22... Nexc4 ({But not} 22... Nbxc4 $2 23. Rxd8 Rxd8 24. Nxf7 $18) (22... Rxd1 $1 $11 {and Black is okay.} 23. Rxd1 Qe7) 23. Bxg7 (23. Rxd8 $1 $18 Rxd8 24. Bxg7 Kxg7 25. Rb4) 23... Kxg7 24. Nxf7 (24. Rxd8 $16 Rxd8 25. Rb4) 24... Qxf7 $11 25. Rxd8 Rxd8 26. Rb4 {[%cal Re2c4]} Nd6 27. Rxh4 Qf6 28. Rd4 Ne4 29. Rxd8 Qxd8 30. f3 Nf6 31. Qb2 Qe7 32. Bd3 ({Better is} 32. h3 $11) 32... Na4 33. Qd4 b5 34. Bc2 c5 $36 {[%mdl 2048] Black has good play.} 35. Qa1 (35. Qd3 $11 {remains equal.}) 35... Nb6 $1 $17 36. e4 fxe4 37. Bxe4 c4 ({Black should play} 37... Qd6 $17 38. Ne3 Kf7) 38. Qd4 $15 Na4 39. Kh1 $2 {[#]} (39. Bc6 $11 {and White stays safe.} a6 40. Ne3) 39... Qc5 $1 $19 {[%cal Rc5d4]} 40. Qxc5 Nxc5 {[%mdl 4096] Endgame KBN-KNN} 41. Bc6 b4 42. Ne3 c3 43. Nc2 a5 44. Kg1 Nd3 {Strongly threatening ...b3!} 45. Bb5 (45. Na1 $17 {was worth a try.}) 45... Nc1 46. Bc4 Nd7 47. Kf1 Ne5 48. Bd5 Ned3 49. h4 a4 {And now ...Nxa2 would win.} 50. Na1 Nxa2 $2 (50... Kf6 $19 {...Nf4 is the strong threat.} 51. g4 Nc5) 51. Bxa2 $15 Nc1 52. Bb1 b3 53. Ke1 a3 54. Kd1 $2 {[%mdl 8192]} (54. Nxb3 $11 Nxb3 55. Kd1) 54... c2+ $4 {[%mdl 8192]} (54... b2 55. Nb3 Nxb3 56. Kc2 Nd2 57. Ba2 {[#]} b1=Q+ $1 {[%mdl 512]} 58. Bxb1 Nxb1 59. Kxb1 Kf6 60. g4 g5 61. h5 Kg7 62. Kc2 a2 63. Kxc3 a1=Q+ 64. Kd2 Qd4+ 65. Kc2 Qf2+ 66. Kc3 Qxf3+ 67. Kb2 Qxg4 68. Kb3 Qxh5 69. Kc4 g4 70. Kb4 g3 71. Kc4 g2 72. Kd3 g1=Q 73. Kc4 Qhc5+ 74. Kb3 Qb1+ 75. Ka4 Qd1#) 55. Nxc2 $1 $18 bxc2+ 56. Kxc1 {Accuracy: White = 37%, Black = 53%.} 1-0